|
|
|
|
| LEADER |
00656cam a2200193 a 4500 |
| 020 |
|
|
|a 9781466512023 (Paperback)
|
| 020 |
|
|
|a 1466512024 (Paperback)
|
| 082 |
0 |
4 |
|a 781.224
|b TOU/G
|
| 100 |
1 |
|
|a Toussaint, Godfried
|
| 245 |
1 |
4 |
|a Geometry of musical rhythm
|
| 260 |
|
|
|a Boca Raton, FL
|b CRC Press, Taylor & Francis Group,
|c c2013.
|
| 300 |
|
|
|a xvii, 347
|b ill
|
| 500 |
|
|
|a "A Chapman & Hall book.
|
| 650 |
|
0 |
|a Musical meter and rhythm.
|
| 650 |
|
0 |
|a Music theory.
|
| 650 |
|
0 |
|a Rhythm.
|
| 942 |
|
|
|c BK
|
| 999 |
|
|
|c 37849
|d 37849
|
| 952 |
|
|
|0 0
|1 0
|4 0
|6 781_224000000000000_TOUG
|7 0
|8 Stack
|9 40070
|a KUCL
|b KUCL
|d 2016-01-27
|l 0
|o 781.224 TOU/G
|p 37283
|r 2016-01-27
|w 2016-01-27
|y BK
|